| 000 | 01235nam0a2200337 4500 | ||
|---|---|---|---|
| 001 | RU\NLR\BIBL_A\022113576 | ||
| 005 | 20240212111534.0 | ||
| 010 |
_a978-5-392-40552-7 _92000 |
||
| 021 |
_aRU _bКН-П-23-077211 _9КН-П-23-7805 |
||
| 035 | _a(NLR Aleph) 022113576 | ||
| 090 |
_a12785169 _c12785169 |
||
| 100 | _a20240122d2024 u y0rusy50 ca | ||
| 101 | 0 | _arus | |
| 102 | _aRU | ||
| 105 | _aa j 000yy | ||
| 181 | 0 |
_ai3 _baxxe |
|
| 182 | 0 | _an | |
| 200 | 1 |
_aЗанимательная алгебра _fЯ. И. Перельман |
|
| 203 |
_aТекст _bвизуальный _cнепосредственный |
||
| 210 |
_aМосква _cПроспект _d2024 (печ. 2023) |
||
| 215 |
_a213, [1] с. _cил. _d21 |
||
| 225 | 1 | _aДом занимательной науки | |
| 320 | _aБиблиогр. в подстроч. примеч. | ||
| 320 | _aДр. кн. авт. в конце кн. | ||
| 606 | 1 |
_aЗанимательная алгебра _2nlr_sh2 _3RU\NLR\AUTH\661389423 |
|
| 686 | 1 | _aВ151я92 | |
| 700 | 1 |
_aПерельман _bЯ. И. _f1882-1942 _gЯков Исидорович _3RU\NLR\AUTH\7745475 |
|
| 942 | _cBOOK | ||
| 980 | _aNB | ||